01567nam a2200253 u 4500001000800000005001700008008004100025020001800066035001200084040001300096041000800109100002800117245005300145260004200198300001800240505053900258520032500797650004001122650003501162650003201197650002801229650002301257700003301280155417120260508094349.0210127s1995 eng  a9780817638580 a1554171 ccomduadb aeng10aRade, Lennart4auteaut10aMathematics handbook for science and engineering aCambridge, MA :bBirkhäuser,c1995. a539 páginas aCONTENIDO : Fundamentos.Matemáticas discretas. -- Álgebra. -- Geometría y trigonometría. -- Álgebra lineal. -- Las funciones elementales. -- Cálculo diferencial (una variable). -- Cálculo integral. -- Secuencias y series. -- Ecuaciones diferenciales ordinarias (ODE). -- Cálculo multidimensional. -- Análisis de vectores. -- Serie ortogonal y funciones especiales. -- Transformas. -- Análisis complejo. -- Optimización. -- Análisis numérico. -- Teoría de probabilidad. -- Estadísticas. -- Miscelánea. .3 aRESUMEN : "Este libro, es un manual completo para científicos, ingenieros y estudiantes avanzados, presenta, de forma lúcida y accesible, áreas clásicas de las matemáticas como álgebra, geometría y análisis, y también áreas de interés actual. El manual incluye gráficos, figuras e ilustraciones." 7aMatemáticas para ingenieros2lemb 7aMatemáticas discretas2embne 7aAnálisis numérico2lemb 7aÁlgebra lineal2embne 7aEstadística2dcs10aWestergren, Bertil4auteaut